[Event "Hold-DM i hurtigskak 2026"]
[Site "Middelfart"]
[Date "2026.05.24"]
[Round "6.4"]
[White "Jalving, August"]
[Black "Jensen, Christian Skov"]
[Result "1-0"]
[WhiteElo "2094"]
[BlackElo "1925"]
[EventDate "2026.05.24"]
[EventType "team-tourn"]
[EventRounds "6"]
[EventCountry "DEN"]
[SourceTitle "Live v. Kasper Jerwiarz"]
[WhiteTeam "BMS"]
[BlackTeam "Fureso"]

1. e4 c6 2. d4 d6 3. Nf3 Qc7 4. c4 e5 5. Be2 Nf6 6. Nc3 Be7 7. h3 O-O 8. O-O Re8 9. Qc2 Nbd7 10. Be3 Nf8 11. b4 a5 12. b5 c5 13. dxe5 dxe5 14. Nd5 Nxd5 15. cxd5 b6 16. Nd2 Ng6 17. Nc4 Bd6 18. a4 Rb8 19. Rfe1 Rf8 20. Rad1 Qe7 21. Bd3 Rd8 22. Bf1 Rb7 23. g3 h5 24. h4 Bg4 25. Be2 Qd7 26. f3 Bh3 27. Kh2 Qc8 28. Rg1 Be7 29. g4 hxg4 30. fxg4 Bxh4 31. Kxh3 f6 32. Rdf1 Qd7 33. Qd2 Re8 34. d6 Kf7 35. Qd5+ Qe6 36. Qxb7+ 1-0

[Event "Hold-DM i hurtigskak 2026"]
[Site "Middelfart"]
[Date "2026.05.24"]
[Round "6.1"]
[White "Lauritsen, Martin Lee"]
[Black "Rasmussen, Allan Stig"]
[Result "0-1"]
[WhiteElo "2135"]
[BlackElo "2521"]
[EventDate "2026.05.24"]
[EventType "team-tourn"]
[EventRounds "6"]
[EventCountry "DEN"]
[SourceTitle "Live v. Kasper Jerwiarz"]
[WhiteTeam "Taastrup Skakforening"]
[BlackTeam "Frem"]

1. e4 c6 2. Nf3 d5 3. Nc3 dxe4 4. Nxe4 Nf6 5. Ng3 c5 6. Bb5+ Bd7 7. Bxd7+ Nbxd7 8. d3 g6 9. b3 Bg7 10. Bb2 O-O 11. O-O Qc7 12. Re1 Rfe8 13. a4 e5 14. Ne4 Nd5 15. Qd2 h6 16. Nc3 Nb4 17. Re2 Re6 18. Rae1 Rae8 19. Ba3 Nc6 20. Bb2 b6 21. Qc1 Kh7 22. h3 f5 23. Nb5 Qc8 24. d4 cxd4 25. Nfxd4 Nxd4 26. Nxd4 R6e7 27. Nb5 Qb8 28. Rd1 Nc5 29. Ba3 Rc8 30. Nd6 Rc6 31. Bxc5 bxc5 32. Nc4 e4 33. Red2 Qf4 34. Rd8 Qh4 35. c3 f4 36. Qd2 Rce6 37. Qd5 h5 38. Rd6 Rxd6 39. Qxd6 e3 40. fxe3 fxe3 41. g3 Qe4 42. Re1 e2 43. Qd2 Qf3 44. Qd6 Rf7 45. Qxc5 Qxg3+ 46. Kh1 Rf1+ 0-1

[Event "Hold-DM i hurtigskak 2026"]
[Site "Middelfart"]
[Date "2026.05.24"]
[Round "6.2"]
[White "Besq, Alexander Le"]
[Black "Petkov, Preslav "]
[Result "0-1"]
[WhiteElo "2159"]
[BlackElo "2064"]
[EventDate "2026.05.24"]
[EventType "team-tourn"]
[EventRounds "6"]
[EventCountry "DEN"]
[SourceTitle "Live v. Kasper Jerwiarz"]
[WhiteTeam "Frem"]
[BlackTeam "Taastrup Skakforening"]

1. e4 d5 2. exd5 Qxd5 3. Nc3 Qd6 4. Nf3 Nf6 5. d4 a6 6. Be2 Bg4 7. h3 Bh5 8. g4 Bg6 9. Be3 Nc6 10. Qd2 Nb4 11. Rc1 e6 12. Ne5 Nc6 13. Nc4 Qd7 14. Bf3 O-O-O 15. Rd1 Nd5 16. Nxd5 exd5 17. Ne5 Qe6 18. Nxg6 hxg6 19. c3 Bd6 20. Qd3 Bf4 21. Kd2 Bxe3+ 22. fxe3 Qd6 23. Qe2 Na5 24. Kc1 Rde8 25. Rde1 Nc4 26. Qf2 c6 27. b3 Nb6 28. Kb2 Qf6 29. Qg3 Kd7 30. g5 Qd6 31. Bg4+ Kc7 32. Qxd6+ Kxd6 33. Rhf1 Rhf8 34. Kc2 f5 35. gxf6 gxf6 36. Kd2 f5 37. Be2 Nd7 38. Rg1 Rg8 39. Bd3 Nf6 40. Rg2 Ne4+ 41. Kc2 Rg7 42. Reg1 Reg8 43. h4 Ke7 44. Bxe4 dxe4 45. Rg5 Kf6 46. R5g2 Rh7 47. Rh1 Rgh8 48. Rgh2 Rh5 49. c4 Ke6 50. Rg2 Kf7 51. Rhg1 R8h6 52. d5 cxd5 53. cxd5 Rxh4 54. Kc3 Rh2 55. Kd4 Rxg2 56. Rxg2 Kf6 57. Rc2 Rh1 58. Rc7 Rd1+ 59. Kc5 g5 60. Rxb7 f4 61. d6 fxe3 62. Re7 e2 63. Rxe4 e1=Q 64. Rxe1 Rxe1 0-1

[Event "Hold-DM i hurtigskak 2026"]
[Site "Middelfart"]
[Date "2026.05.24"]
[Round "6.3"]
[White "Kirkebaekke, Mark"]
[Black "Dyrgaard, Kristoffer"]
[Result "0-1"]
[WhiteElo "1903"]
[BlackElo "2207"]
[EventDate "2026.05.24"]
[EventType "team-tourn"]
[EventRounds "6"]
[EventCountry "DEN"]
[SourceTitle "Live v. Kasper Jerwiarz"]
[WhiteTeam "Taastrup Skakforening"]
[BlackTeam "Frem"]

1. e4 c5 2. Nf3 Nc6 3. d4 cxd4 4. Nxd4 Nf6 5. Nc3 e5 6. Nf3 Bb4 7. Bd3 d5 8. Qe2 Bg4 9. exd5 Qxd5 10. Bc4 Qa5 11. Bd2 O-O 12. h3 Nd4 13. Qd1 Bxf3 14. gxf3 Rac8 15. Bd3 Nd5 16. O-O Bxc3 17. bxc3 Nxc3 18. Bxc3 Rxc3 19. f4 Qd5 0-1

[Event "Hold-DM i hurtigskak 2026"]
[Site "Middelfart"]
[Date "2026.05.24"]
[Round "6.4"]
[White "Andries, Alf"]
[Black "Loveid, Erik"]
[Result "1-0"]
[WhiteElo "2210"]
[BlackElo "1951"]
[EventDate "2026.05.24"]
[EventType "team-tourn"]
[EventRounds "6"]
[EventCountry "DEN"]
[SourceTitle "Live v. Kasper Jerwiarz"]
[WhiteTeam "Frem"]
[BlackTeam "Taastrup Skakforening"]

1. e4 d6 2. d4 Nf6 3. Nc3 e5 4. Nf3 exd4 5. Nxd4 Be7 6. Bf4 O-O 7. Qd2 Nc6 8. O-O-O Nxd4 9. Qxd4 Be6 10. f3 Nd7 11. g4 Bg5 12. Qe3 Bxf4 13. Qxf4 Qf6 14. Qe3 Ne5 15. Be2 Ng6 16. Kb1 Nf4 17. Bf1 a6 18. Ne2 Nxe2 19. Bxe2 Qe5 20. f4 Qa5 21. a3 Rfe8 22. f5 Bd7 23. Bc4 Bc6 24. Qb3 Rxe4 25. Bxf7+ Kh8 26. Qh3 Qe5 27. Bg6 h6 28. Rhf1 Re2 29. Qb3 Rf8 30. h4 Qh2 31. f6 gxf6 32. Bd3 Re5 33. g5 Qxh4 34. gxh6 Qxh6 35. Rg1 f5 36. Qc3 Qe3 37. Rge1 Qc5 38. Qd2 Rf7 39. Qh6+ Kg8 40. Rg1+ 1-0

[Event "Hold-DM i hurtigskak 2026"]
[Site "Middelfart"]
[Date "2026.05.24"]
[Round "6.1"]
[White "Sylvan, Jacob"]
[Black "Ramsdal, Jens Albert"]
[Result "1/2-1/2"]
[WhiteElo "2363"]
[BlackElo "2331"]
[EventDate "2026.05.24"]
[EventType "team-tourn"]
[EventRounds "6"]
[EventCountry "DEN"]
[SourceTitle "Live v. Kasper Jerwiarz"]
[WhiteTeam "Nordkalotten"]
[BlackTeam "SK1968"]

1. e4 e5 2. Nf3 Nf6 3. d4 Nxe4 4. Bd3 d5 5. Nxe5 Nd7 6. Nc3 Nxc3 7. bxc3 Nxe5 8. dxe5 Be6 9. Rb1 Qc8 10. O-O Bc5 11. Bg5 O-O 12. Qf3 b6 13. Rfe1 Re8 14. h4 c6 15. Qg3 Bf5 16. h5 Bxd3 17. cxd3 Qf5 18. d4 Bf8 19. Rbd1 Re6 20. Rd3 h6 21. Bc1 Qxh5 22. Rf3 Rg6 23. Qf4 Rg4 24. Qf5 Qxf5 25. Rxf5 Re8 26. f4 Rg3 27. Be3 c5 28. Kf2 Rg6 29. Rh5 Rc6 30. f5 cxd4 31. cxd4 Rc2+ 32. Re2 Rec8 33. e6 Rxe2+ 34. Kxe2 Re8 35. Kd3 fxe6 36. fxe6 Rxe6 37. Rxd5 Rg6 38. Rd7 a5 39. d5 Rxg2 40. a4 Rg6 41. Bf4 Rf6 42. Bc7 Rf7 43. Rxf7 Kxf7 44. Bxb6 Bb4 45. Ke4 Ke7 46. Bd4 g6 47. Ke5 h5 48. Be3 Bc3+ 49. Ke4 Kf6 50. Bb6 g5 51. Bd8+ Kg6 52. d6 Kf7 53. Bxg5 Ke6 54. Bd8 Kxd6 55. Kf3 Kc5 56. Kg2 Kb4 57. Bxa5+ Kxa5 58. Kh1 Kxa4 1/2-1/2

[Event "Hold-DM i hurtigskak 2026"]
[Site "Middelfart"]
[Date "2026.05.24"]
[Round "6.2"]
[White "Lauridsen, Jesper Morch"]
[Black "Kristensen, Kaare Hove"]
[Result "0-1"]
[WhiteElo "2237"]
[BlackElo "2315"]
[EventDate "2026.05.24"]
[EventType "team-tourn"]
[EventRounds "6"]
[EventCountry "DEN"]
[SourceTitle "Live v. Kasper Jerwiarz"]
[WhiteTeam "SK1968"]
[BlackTeam "Nordkalotten"]

1. e4 c5 2. Nf3 Nf6 3. Nc3 Nc6 4. d4 d5 5. exd5 Nxd5 6. dxc5 Nxc3 7. Qxd8+ Kxd8 8. bxc3 f6 9. Bb5 e5 10. Bxc6 bxc6 11. Be3 Kc7 12. Nd2 Be7 13. f4 Bf5 14. O-O Rhf8 15. fxe5 fxe5 16. Nc4 Bxc2 17. Nxe5 Rxf1+ 18. Rxf1 Rf8 19. Rxf8 Bxf8 20. Bd4 Be4 21. Kf2 Be7 22. Ng4 h5 23. Ne3 g6 24. g3 Kb7 25. a3 Ka6 26. Nc4 Bd5 27. Ne5 g5 28. c4 Bh1 29. Ng6 Bd8 30. Ke3 Ka5 31. Nf8 Ka4 32. Ne6 Be7 33. Ng7 Kxa3 34. Nxh5 a5 35. Ng7 a4 36. Nf5 Bd8 37. h4 gxh4 38. gxh4 Kb3 39. h5 Kxc4 40. Kf4 Bd5 41. Ke5 a3 42. h6 Bg8 43. Nd6+ 0-1

[Event "Hold-DM i hurtigskak 2026"]
[Site "Middelfart"]
[Date "2026.05.24"]
[Round "6.3"]
[White "Hove, Esben Kjems"]
[Black "Hansen, Lars"]
[Result "1-0"]
[WhiteElo "2322"]
[BlackElo "2150"]
[EventDate "2026.05.24"]
[EventType "team-tourn"]
[EventRounds "6"]
[EventCountry "DEN"]
[SourceTitle "Live v. Kasper Jerwiarz"]
[WhiteTeam "Nordkalotten"]
[BlackTeam "SK1968"]

1. d4 Nf6 2. Nf3 e6 3. g3 c5 4. Bg2 cxd4 5. Nxd4 d5 6. O-O e5 7. Nb3 Be6 8. c4 Nc6 9. cxd5 Nxd5 10. Nc3 Nxc3 11. bxc3 Qc7 12. Be3 Rd8 13. Qb1 Be7 14. Nc5 Bc8 15. Qb5 O-O 16. Rab1 Na5 17. Nd3 b6 18. Qxe5 Bd6 19. Qh5 Qxc3 20. Rfc1 Qa3 21. Rc2 Qa4 22. Rbc1 g6 23. Qg5 Rfe8 24. Qf6 Be7 25. Qa1 Ba3 26. Bh6 Bf8 27. Bg5 Bg7 28. Qb1 f6 29. Be3 Bf5 30. Rc7 Bf8 1-0

[Event "Hold-DM i hurtigskak 2026"]
[Site "Middelfart"]
[Date "2026.05.24"]
[Round "6.4"]
[White "Krupa, Miroslav"]
[Black "Nielsen, Lars Aaes"]
[Result "1-0"]
[WhiteElo "1980"]
[BlackElo "2227"]
[EventDate "2026.05.24"]
[EventType "team-tourn"]
[EventRounds "6"]
[EventCountry "DEN"]
[SourceTitle "Live v. Kasper Jerwiarz"]
[WhiteTeam "SK1968"]
[BlackTeam "Nordkalotten"]

1. e4 e6 2. d4 d5 3. Nd2 Nc6 4. Ngf3 Nf6 5. e5 Nd7 6. Be2 f6 7. exf6 Qxf6 8. Nf1 Bd6 9. Ne3 O-O 10. O-O Nb6 11. Bb5 Bd7 12. a4 a5 13. b3 Be8 14. Bxc6 bxc6 15. Ng4 Qf5 16. Nge5 Bh5 17. Qd2 Bxf3 18. Nxf3 Nd7 19. Ba3 Qg6 20. Qe2 Rae8 21. Ne5 Nxe5 22. dxe5 Bxa3 23. Rxa3 Rf4 24. Qd2 Ref8 25. g3 Rf3 26. Raa1 h5 27. h4 Qg4 28. Rae1 c5 29. Re2 Qd4 30. Qg5 R8f5 31. Qd8+ Kh7 32. Kg2 Qg4 33. Rfe1 Rf7 34. Qa8 Qd4 35. Rf1 Qc3 36. Qa6 d4 37. Qxe6 d3 38. cxd3 Qxd3 39. Rfe1 Qxb3 40. Qc6 Qb6 41. Qxf3 Rxf3 42. Kxf3 Qe6 43. Kg2 c4 44. Re3 Kg6 45. Rb1 Kf5 46. Rb5 Qc6+ 47. Kh2 Ke6 48. f4 c3 49. f5+ Kxf5 50. e6+ Kf6 51. e7 c2 52. Re1 c1=Q 53. Rxc1 Qd7 54. Rf1+ Kxe7 55. Re5+ 1-0